Logo CIB grande

MANUAL DE INDUSTRIAS DE LA CARNE (Registro nro. 223419)

Detalles MARC
000 -LEADER
campo de control de longitud fija 00702nam a2200265Ia 4500
005 - FECHA Y HORA DE LA ÚLTIMA TRANSACCIÓN
campo de control 20250425162143.0
008 - DATOS DE LONGITUD FIJA--INFORMACIÓN GENERAL
campo de control de longitud fija 250425s9999 xx 000 0 und d
020 ## - NÚMERO INTERNACIONAL ESTÁNDAR DEL LIBRO
Número Internacional Estándar del Libro 8489922934
041 ## - CÓDIGO DE IDIOMA
Código de lengua del texto/banda sonora o título independiente spa
082 ## - NÚMERO DE LA CLASIFICACIÓN DECIMAL DEWEY
Número de clasificación 664.9
010 ## - NÚMERO DE CONTROL DE LA BIBLIOTECA DEL CONGRESO
Número de control de LC 53290
100 ## - ENTRADA PRINCIPAL--NOMBRE DE PERSONA
Nombre de persona RANKEN, M. D.
245 #0 - MENCIÓN DEL TÍTULO
Título MANUAL DE INDUSTRIAS DE LA CARNE
250 ## - MENCION DE EDICION
Mención de edición 1A ED.
260 ## - PUBLICACIÓN, DISTRIBUCIÓN, ETC.
Lugar de publicación, distribución, etc. España
Nombre del editor, distribuidor, etc. A. MADRID VICENTE : MUNDI-PRENSA
Fecha de publicación, distribución, etc. 2003
260 ## - PUBLICACIÓN, DISTRIBUCIÓN, ETC.
Lugar de publicación, distribución, etc. MADRID
300 ## - DESCRIPCIÓN FÍSICA
Extensión 205
500 ## - NOTA GENERAL
Nota general CONSULTAR D-24988 EN BIBTEC.
500 ## - NOTA GENERAL
Nota general Título Traducido: HANDBOOK OF MEAT PRODUCT TECHNOLOGY
650 ## - PUNTO DE ACCESO ADICIONAL DE MATERIA--TÉRMINO DE MATERIA
Término de materia o nombre geográfico como elemento de entrada CARNE
650 ## - PUNTO DE ACCESO ADICIONAL DE MATERIA--TÉRMINO DE MATERIA
Término de materia o nombre geográfico como elemento de entrada CARNE CURADA
650 ## - PUNTO DE ACCESO ADICIONAL DE MATERIA--TÉRMINO DE MATERIA
Término de materia o nombre geográfico como elemento de entrada INDUSTRIA DE LA CARNE
650 ## - PUNTO DE ACCESO ADICIONAL DE MATERIA--TÉRMINO DE MATERIA
Término de materia o nombre geográfico como elemento de entrada PRODUCTOS DE LA CARNE
942 ## - ELEMENTOS DE ENTRADA SECUNDARIOS (KOHA)
Tipo de ítem Koha Libros
Existencias
Estatus retirado Estado de pérdida Estado de daño No para préstamo Biblioteca de origen Biblioteca actual Fecha de adquisición Coste, precio normal de compra Total de préstamos Código de barras Copia número Tipo de ítem Koha
        CENTRO DE INFORMACIÓN BIBLIOTECARIA CENTRO DE INFORMACIÓN BIBLIOTECARIA 13/12/2004 10.00   D-24988 1 Libros

Copyright 2025 ESPOL. Todos los derechos reservados.